000 00548nam a2200229Ia 4500
003 OSt
005 20221005131812.0
006 a|||||r|||| 00| 0
007 ta
008 221004b |||||||| |||| 00| 0 eng d
024 _a118715
037 _cTextual
040 _aCRL
_cCRL
_beng
041 _2eng
_aeng
110 _aGovernment of India
_9148919
245 0 _aSuppliment for the year 1970-71
260 _c1967
650 _aPOLITICAL SCIENCE
700 _aGovernment of India
942 _cTEXL
_2cc
999 _c1061447
_d1061447